| 000 | 00806nam a2200241 a 4500 | ||
|---|---|---|---|
| 001 | 74261 | ||
| 003 | BD-RjUL | ||
| 005 | 20211209082527.0 | ||
| 008 | 180422s2010 bg a|||| b||| 00| 1 ben d | ||
| 020 |
_a9789842001130 _cTk.400.00 |
||
| 035 | _a(BD-RjUL)74479 | ||
| 040 |
_aBD-RjUL _beng _cBD-RjUL |
||
| 041 | _aben | ||
| 082 |
_223 _a891.443 _bKAA 2010 |
||
| 100 | 1 |
_aকাসেম, আবুল _9221216 |
|
| 245 | 1 | 0 |
_aঅজেয় / _cআবুল কাসেম |
| 260 |
_aঢাকা : _bঅ্যাডন পাব , _c২০১০ |
||
| 300 |
_a২৭১ পৃ. : _bছবি ; _c২২ সেমি. |
||
| 504 | _aগ্রন্থপঞ্জি সংযোজিত | ||
| 650 |
_aবাংলা উপন্যাস _9221217 |
||
| 650 |
_aBengali Ficion _9221218 |
||
| 942 |
_2ddc _cBK |
||
| 999 |
_c74261 _d74261 |
||